<?xml version="1.0" encoding="UTF-8"?>
<record
    xmlns:xsi="http://www.w3.org/2001/XMLSchema-instance"
    xsi:schemaLocation="http://www.loc.gov/MARC21/slim http://www.loc.gov/standards/marcxml/schema/MARC21slim.xsd"
    xmlns="http://www.loc.gov/MARC21/slim">

  <leader>02905nam a22003377a 4500</leader>
  <controlfield tag="003">OSt</controlfield>
  <controlfield tag="005">20260515105026.0</controlfield>
  <controlfield tag="008">260515b        |||||||| |||| 00| 0 aze d</controlfield>
  <datafield tag="040" ind1=" " ind2=" ">
    <subfield code="a">AZ-XaKU</subfield>
    <subfield code="b">rus</subfield>
    <subfield code="c">AZ-XaKU</subfield>
  </datafield>
  <datafield tag="041" ind1="0" ind2=" ">
    <subfield code="a">rus</subfield>
    <subfield code="a">aze</subfield>
  </datafield>
  <datafield tag="050" ind1="1" ind2="4">
    <subfield code="a">ML417 .Ab181 .G95 2010</subfield>
  </datafield>
  <datafield tag="245" ind1="1" ind2="0">
    <subfield code="a">&#x41F;&#x435;&#x434;&#x430;&#x433;&#x43E;&#x433;-&#x441;&#x43E;&#x437;&#x438;&#x434;&#x430;&#x442;&#x435;&#x43B;&#x44C;</subfield>
    <subfield code="b">: &#x441;&#x442;&#x430;&#x442;&#x44C;&#x438;-&#x43C;&#x430;&#x442;&#x435;&#x440;&#x438;&#x430;&#x43B;&#x44B;-&#x440;&#x430;&#x437;&#x43C;&#x44B;&#x448;&#x43B;&#x435;&#x43D;&#x438;&#x44F;</subfield>
    <subfield code="c">/ &#x441;&#x43E;&#x441;&#x442;&#x430;&#x432;&#x438;&#x442;&#x435;&#x43B;&#x44C;: &#x41D;&#x430;&#x440;&#x43C;&#x438;&#x43D;&#x430; &#x413;&#x443;&#x43B;&#x438;&#x435;&#x432;&#x430; ; &#x440;&#x435;&#x434;&#x430;&#x43A;&#x442;&#x43E;&#x440;: &#x41B;&#x430;&#x43B;&#x430; &#x414;&#x430;&#x434;&#x430;&#x448;&#x435;&#x432;&#x430; ; &#x440;&#x435;&#x446;&#x435;&#x43D;&#x437;&#x435;&#x43D;&#x442;&#x44B;: &#x424;&#x430;&#x440;&#x445;&#x430;&#x434; &#x411;&#x430;&#x434;&#x430;&#x43B;&#x431;&#x435;&#x439;&#x43B;&#x438;, &#x410;&#x437;&#x435;&#x440; &#x420;&#x437;&#x430;&#x435;&#x432;.</subfield>
  </datafield>
  <datafield tag="264" ind1=" " ind2=" ">
    <subfield code="a">&#x411;&#x430;&#x43A;&#x443;:</subfield>
    <subfield code="b">&#x422;&#x438;&#x43F;&#x43E;&#x433;&#x440;&#x430;&#x444;&#x438;&#x44F; &#x130;ndigo, </subfield>
    <subfield code="c">2010.</subfield>
  </datafield>
  <datafield tag="300" ind1=" " ind2=" ">
    <subfield code="a">152 &#x441;. ;</subfield>
    <subfield code="b">&#x444;&#x43E;&#x442;&#x43E;&#x433;&#x440;&#x430;&#x444;&#x438;&#x438; ;</subfield>
    <subfield code="c">21.5 &#x441;&#x43C;.</subfield>
  </datafield>
  <datafield tag="336" ind1=" " ind2=" ">
    <subfield code="a">text</subfield>
    <subfield code="b">txt</subfield>
    <subfield code="2">rdacontent</subfield>
  </datafield>
  <datafield tag="337" ind1=" " ind2=" ">
    <subfield code="a">unmediated</subfield>
    <subfield code="b">n</subfield>
    <subfield code="2">rdamedia</subfield>
  </datafield>
  <datafield tag="338" ind1=" " ind2=" ">
    <subfield code="a">volume </subfield>
    <subfield code="b">nc</subfield>
    <subfield code="2">rdacarrier</subfield>
  </datafield>
  <datafield tag="500" ind1=" " ind2=" ">
    <subfield code="a">&#x421;&#x43F;&#x438;&#x441;&#x43E;&#x43A; &#x438;&#x437;&#x434;&#x430;&#x43D;&#x43D;&#x44B;&#x445; &#x43D;&#x430;&#x443;&#x447;&#x43D;&#x44B;&#x445; &#x440;&#x430;&#x431;&#x43E;&#x442; &#x43F;&#x440;&#x43E;&#x444;&#x435;&#x441;&#x441;&#x43E;&#x440;&#x430; &#x410;&#x431;&#x430;&#x441;&#x43A;&#x443;&#x43B;&#x438;&#x435;&#x432;&#x430; &#x41E;.&#x413;.: &#x441;&#x442;&#x440;.131-133, &#x441;&#x43F;&#x438;&#x441;&#x43E;&#x43A; &#x432;&#x44B;&#x43F;&#x443;&#x441;&#x43A;&#x43D;&#x438;&#x43A;&#x43E;&#x432; &#x43A;&#x43B;&#x430;&#x441;&#x441;&#x430; &#x43F;&#x440;&#x43E;&#x444;&#x435;&#x441;&#x441;&#x43E;&#x440;&#x430; &#x410;&#x431;&#x430;&#x441;&#x43A;&#x443;&#x43B;&#x438;&#x435;&#x432;&#x430; &#x41E;.&#x413;.: &#x441;&#x442;&#x440;.134-135, &#x441;&#x43F;&#x438;&#x441;&#x43E;&#x43A; &#x430;&#x441;&#x441;&#x438;&#x441;&#x442;&#x435;&#x43D;&#x442;&#x43E;&#x432;-&#x441;&#x442;&#x430;&#x436;&#x435;&#x440;&#x43E;&#x432; &#x43A;&#x43B;&#x430;&#x441;&#x441;&#x430; &#x43F;&#x440;&#x43E;&#x444;&#x435;&#x441;&#x441;&#x43E;&#x440;&#x430; &#x410;&#x431;&#x430;&#x441;&#x43A;&#x443;&#x43B;&#x438;&#x435;&#x432;&#x430; &#x41E;.&#x413;.: &#x441;&#x442;&#x440;.136.</subfield>
  </datafield>
  <datafield tag="520" ind1=" " ind2=" ">
    <subfield code="a">&#x421;&#x431;&#x43E;&#x440;&#x43D;&#x438;&#x43A; &#x441;&#x43E;&#x441;&#x442;&#x430;&#x432;&#x43B;&#x435;&#x43D; &#x43A; 70-&#x43B;&#x435;&#x442;&#x438;&#x44E; &#x441;&#x43E; &#x434;&#x43D;&#x44F; &#x440;&#x43E;&#x436;&#x434;&#x435;&#x43D;&#x438;&#x44F;, &#x438; &#x43F;&#x43E;&#x441;&#x432;&#x44F;&#x449;&#x435;&#x43D; &#x436;&#x438;&#x437;&#x43D;&#x438; &#x434;&#x435;&#x44F;&#x442;&#x435;&#x43B;&#x44C;&#x43D;&#x43E;&#x441;&#x442;&#x438; &#x43C;&#x443;&#x437;&#x44B;&#x43A;&#x430;&#x43D;&#x442;&#x430;-&#x43F;&#x435;&#x434;&#x430;&#x433;&#x43E;&#x433;&#x430;, &#x43F;&#x440;&#x43E;&#x444;&#x435;&#x441;&#x441;&#x43E;&#x440;&#x430; &#x410;&#x431;&#x430;&#x441;&#x43A;&#x443;&#x43B;&#x438;&#x435;&#x432;&#x430; &#x41E;&#x43A;&#x442;&#x430;&#x44F; &#x413;&#x443;&#x441;&#x435;&#x439;&#x43D;&#x43E;&#x432;&#x438;&#x447;&#x430;, &#x432;&#x43D;&#x435;&#x441;&#x448;&#x435;&#x433;&#x43E; &#x431;&#x43E;&#x43B;&#x44C;&#x448;&#x43E;&#x439; &#x432;&#x43A;&#x43B;&#x430;&#x434; &#x432; &#x440;&#x430;&#x437;&#x43B;&#x438;&#x447;&#x43D;&#x44B;&#x435; &#x43E;&#x431;&#x43B;&#x430;&#x441;&#x442;&#x438; &#x43C;&#x443;&#x437;&#x44B;&#x43A;&#x430;&#x43B;&#x44C;&#x43D;&#x43E;&#x433;&#x43E; &#x438;&#x441;&#x43A;&#x443;&#x441;&#x441;&#x442;&#x432;&#x430; &#x438; &#x440;&#x430;&#x437;&#x432;&#x438;&#x442;&#x438;&#x435; &#x430;&#x437;&#x435;&#x440;&#x431;&#x430;&#x439;&#x434;&#x436;&#x430;&#x43D;&#x441;&#x43A;&#x43E;&#x439; &#x43C;&#x443;&#x437;&#x44B;&#x43A;&#x430;&#x43B;&#x44C;&#x43D;&#x43E;&#x439; &#x43A;&#x443;&#x43B;&#x44C;&#x442;&#x443;&#x440;&#x44B; &#x416;&#x438;&#x437;&#x43D;&#x44C;, &#x442;&#x432;&#x43E;&#x440;&#x447;&#x435;&#x441;&#x442;&#x432;&#x43E;, &#x43C;&#x43D;&#x43E;&#x433;&#x43E;&#x43B;&#x435;&#x442;&#x43D;&#x44F;&#x44F; &#x43F;&#x435;&#x434;&#x430;&#x433;&#x43E;&#x433;&#x438;&#x447;&#x435;&#x441;&#x43A;&#x430;&#x44F; &#x440;&#x430;&#x431;&#x43E;&#x442;&#x430; &#x43F;&#x440;&#x43E;&#x444;&#x435;&#x441;&#x441;&#x43E;&#x440;&#x430; &#x410;&#x431;&#x430;&#x441;&#x43A;&#x443;&#x43B;&#x438;&#x435;&#x432;&#x430; &#x41E;. &#x413;. &#x43D;&#x430;&#x445;&#x43E;&#x434;&#x438;&#x442; &#x43E;&#x442;&#x440;&#x430;&#x436;&#x435;&#x43D;&#x438;&#x435; &#x432; &#x440;&#x430;&#x437;&#x43C;&#x44B;&#x448;&#x43B;&#x435;&#x43D;&#x438;&#x44F;&#x445;, &#x432;&#x44B;&#x441;&#x43A;&#x430;&#x437;&#x44B;&#x432;&#x430;&#x43D;&#x438;&#x44F;&#x445;, &#x43F;&#x43E;&#x437;&#x434;&#x440;&#x430;&#x432;&#x43B;&#x435;&#x43D;&#x438;&#x44F;&#x445; &#x438;&#x437;&#x432;&#x435;&#x441;&#x442;&#x43D;&#x44B;&#x445; &#x43C;&#x443;&#x437;&#x44B;&#x43A;&#x430;&#x43D;&#x442;&#x43E;&#x432;, &#x434;&#x440;&#x443;&#x437;&#x435;&#x439;, &#x43A;&#x43E;&#x43B;&#x43B;&#x435;&#x433; &#x438; &#x443;&#x447;&#x435;&#x43D;&#x438;&#x43A;&#x43E;&#x432;.</subfield>
  </datafield>
  <datafield tag="521" ind1=" " ind2=" ">
    <subfield code="a">&#x421;&#x431;&#x43E;&#x440;&#x43D;&#x438;&#x43A; &#x441;&#x442;&#x430;&#x442;&#x435;&#x439; &#x43C;&#x43E;&#x436;&#x435;&#x442; &#x431;&#x44B;&#x442;&#x44C; &#x438;&#x441;&#x43F;&#x43E;&#x43B;&#x44C;&#x437;&#x43E;&#x432;&#x430;&#x43D; &#x432; &#x43A;&#x430;&#x447;&#x435;&#x441;&#x442;&#x432;&#x435; &#x443;&#x447;&#x435;&#x431;&#x43D;&#x43E;&#x433;&#x43E; &#x43F;&#x43E;&#x441;&#x43E;&#x431;&#x438;&#x44F; &#x43F;&#x43E; &#x438;&#x441;&#x442;&#x43E;&#x440;&#x438;&#x438; &#x444;&#x43E;&#x440;&#x442;&#x435;&#x43F;&#x438;&#x430;&#x43D;&#x43D;&#x43E;&#x433;&#x43E; &#x438;&#x441;&#x43F;&#x43E;&#x43B;&#x43D;&#x438;&#x442;&#x435;&#x43B;&#x44C;&#x441;&#x442;&#x432;&#x430;.</subfield>
  </datafield>
  <datafield tag="546" ind1=" " ind2=" ">
    <subfield code="a">&#x422;&#x435;&#x43A;&#x441;&#x442; &#x43F;&#x440;&#x435;&#x434;&#x441;&#x442;&#x430;&#x432;&#x43B;&#x435;&#x43D; &#x43D;&#x430; &#x440;&#x443;&#x441;&#x441;&#x43A;&#x43E;&#x43C; &#x438; &#x430;&#x437;&#x435;&#x440;&#x431;&#x430;&#x439;&#x434;&#x436;&#x430;&#x43D;&#x441;&#x43A;&#x43E;&#x43C; &#x44F;&#x437;&#x44B;&#x43A;&#x430;&#x445;.</subfield>
  </datafield>
  <datafield tag="600" ind1=" " ind2=" ">
    <subfield code="2">AZ-XaKU</subfield>
    <subfield code="a">&#x410;&#x431;&#x430;&#x441;&#x43A;&#x443;&#x43B;&#x438;&#x435;&#x432;, &#x41E;&#x43A;&#x442;&#x430;&#x439;,</subfield>
    <subfield code="d">1940 - 2016.</subfield>
  </datafield>
  <datafield tag="650" ind1=" " ind2="7">
    <subfield code="2">AZ-XaKU</subfield>
    <subfield code="a">&#x41F;&#x438;&#x430;&#x43D;&#x438;&#x441;&#x442;&#x44B;</subfield>
    <subfield code="x">&#x41F;&#x435;&#x440;&#x441;&#x43E;&#x43D;&#x430;&#x43B;&#x438;&#x438;</subfield>
    <subfield code="z">&#x410;&#x437;&#x435;&#x440;&#x431;&#x430;&#x439;&#x434;&#x436;&#x430;&#x43D;.</subfield>
  </datafield>
  <datafield tag="655" ind1=" " ind2=" ">
    <subfield code="2">AZ-XaKU</subfield>
    <subfield code="a">&#x421;&#x431;&#x43E;&#x440;&#x43D;&#x438;&#x43A;&#x438; &#x441;&#x442;&#x430;&#x442;&#x435;&#x439;.</subfield>
  </datafield>
  <datafield tag="700" ind1="1" ind2=" ">
    <subfield code="a">&#x413;&#x443;&#x43B;&#x438;&#x435;&#x432;&#x430;, &#x41D;&#x430;&#x440;&#x43C;&#x438;&#x43D;&#x430;,</subfield>
    <subfield code="e">&#x441;&#x43E;&#x441;&#x442;&#x430;&#x432;&#x438;&#x442;&#x435;&#x43B;&#x44C;.</subfield>
  </datafield>
  <datafield tag="700" ind1="1" ind2=" ">
    <subfield code="a">&#x414;&#x430;&#x434;&#x430;&#x448;&#x435;&#x432;&#x430;, &#x41B;&#x430;&#x43B;&#x430;, </subfield>
    <subfield code="e">&#x440;&#x435;&#x434;&#x430;&#x43A;&#x442;&#x43E;&#x440;.</subfield>
  </datafield>
  <datafield tag="700" ind1="1" ind2=" ">
    <subfield code="a">&#x411;&#x430;&#x434;&#x430;&#x43B;&#x431;&#x435;&#x439;&#x43B;&#x438;, &#x424;&#x430;&#x440;&#x445;&#x430;&#x434;, </subfield>
    <subfield code="e">&#x440;&#x435;&#x446;&#x435;&#x43D;&#x437;&#x435;&#x43D;&#x442;.</subfield>
  </datafield>
  <datafield tag="700" ind1="1" ind2=" ">
    <subfield code="a">&#x420;&#x437;&#x430;&#x435;&#x432;, &#x410;&#x437;&#x435;&#x440;,</subfield>
    <subfield code="e">&#x440;&#x435;&#x446;&#x435;&#x43D;&#x437;&#x435;&#x43D;&#x442;.</subfield>
  </datafield>
  <datafield tag="942" ind1=" " ind2=" ">
    <subfield code="c">BOOK</subfield>
  </datafield>
  <datafield tag="999" ind1=" " ind2=" ">
    <subfield code="c">491</subfield>
    <subfield code="d">491</subfield>
  </datafield>
  <datafield tag="952" ind1=" " ind2=" ">
    <subfield code="0">0</subfield>
    <subfield code="1">0</subfield>
    <subfield code="2">lcc</subfield>
    <subfield code="4">0</subfield>
    <subfield code="7">0</subfield>
    <subfield code="8">FA</subfield>
    <subfield code="a">KU</subfield>
    <subfield code="b">KUA</subfield>
    <subfield code="d">2026-05-15</subfield>
    <subfield code="l">0</subfield>
    <subfield code="o">ML417 .Ab181 .G95 2010</subfield>
    <subfield code="p">0000001223</subfield>
    <subfield code="r">2026-05-15 09:45:00</subfield>
    <subfield code="t">1</subfield>
    <subfield code="w">2026-05-15</subfield>
    <subfield code="y">BOOK</subfield>
  </datafield>
</record>
